export_success — 

Proceedings of the 52nd Congress of the International Society for Applied Ethology : ethology for health and welfare /

Bibliographic Details
Other Authors: Cockram, Michael, (Editor)
Format: eBook
Language:English
Published: Wageningen, The Netherlands : Wageningen Academic Publishers, 2018.
Subjects:
Online Access:Click to View
LEADER 01699nam a2200373 i 4500
001 EBC5512116
003 MiAaPQ
005 20200520144314.0
006 m o d |
007 cr cnu||||||||
008 180929s2018 ne o 000 0 eng d
020 |z 9789086863228 
020 |a 9789086868704 (e-book) 
035 |a (MiAaPQ)EBC5512116 
035 |a (Au-PeEL)EBL5512116 
035 |a (CaPaEBR)ebr11608836 
035 |a (OCoLC)1054019061 
040 |a MiAaPQ  |b eng  |e rda  |e pn  |c MiAaPQ  |d MiAaPQ 
050 4 |a HB846  |b .P763 2018 
082 0 |a 320.101  |2 23 
245 0 0 |a Proceedings of the 52nd Congress of the International Society for Applied Ethology :  |b ethology for health and welfare /  |c edited by Michael Cockram, [and six others]. 
264 1 |a Wageningen, The Netherlands :  |b Wageningen Academic Publishers,  |c 2018. 
300 |a 1 online resource (265 pages) 
336 |a text  |b txt  |2 rdacontent 
337 |a computer  |b c  |2 rdamedia 
338 |a online resource  |b cr  |2 rdacarrier 
588 |a Description based on print version record. 
590 |a Electronic reproduction. Ann Arbor, MI : ProQuest, 2018. Available via World Wide Web. Access may be limited to ProQuest affiliated libraries. 
650 0 |a Welfare economics  |v Congresses. 
655 4 |a Electronic books. 
700 1 |a Cockram, Michael,  |e editor. 
776 0 8 |i Print version:  |t Proceedings of the 52nd Congress of the International Society for Applied Ethology : ethology for health and welfare.  |d Wageningen, The Netherlands : Wageningen Academic Publishers, 2018   |h 265 pages   |z 9789086863228 
797 2 |a ProQuest (Firm) 
856 4 0 |u https://ebookcentral.proquest.com/lib/matrademy/detail.action?docID=5512116  |z Click to View